[Event "Olympiad-33"]
[Site "Elista"]
[Date "1998.10.11"]
[Round "12.2"]
[White "Sadler, Matthew D"]
[Black "Lputian, Smbat G"]
[Result "0-1"]
[WhiteElo "2660"]
[BlackElo "2615"]
[Annotator "Psakhis,Lev"]
[PlyCount "94"]
[EventDate "1998.09.29"]
[EventType "team-swiss"]
[EventRounds "13"]
[EventCountry "RUS"]
[SourceTitle "CBM 068"]
[Source "ChessBase"]
[SourceDate "1999.02.01"]
[SourceVersion "1"]
[SourceVersionDate "1999.02.01"]
[SourceQuality "1"]
[WhiteTeam "England"]
[BlackTeam "Armenia"]
[WhiteTeamCountry "ENG"]
[BlackTeamCountry "ARM"]

1. d4 e6 2. c4 d5 3. Nc3 Be7 4. cxd5 exd5 5. Bf4 c6 6. e3 Nf6 7. Bd3 Nbd7 8. h3 O-O 9. Nf3 Re8 10. Qc2 Nf8 11. O-O Ng6 12. Bh2 Bd6 13. Bxd6 Qxd6 14. Rab1 Qe7 (14... Bd7 15. b4 Rac8 16. Rfc1 Qe7 17. b5 c5 18. Qa4 a6 19. dxc5 Rxc5 20. Qd4 $14 {1-0 Ivanchuk,V-Vaganian,R/Moscow olm 1994 (41)}) 15. b4 (15. Bf5 $143 $6 Bxf5 16. Qxf5 Ne4 17. Rfd1 Rad8 18. Nd2 Nd6 19. Qh5 f5 20. Nf3 Qf6 21. Qg5 Qf7 22. Qh5 h6 23. Nh4 Re6 $15 {0-1 Toth,B-Vaganian,R/BL 1998 (52)}) 15... Ne4 ({RR} 15... a6 16. a4 Ne4 17. b5 axb5 18. axb5 Ra3 19. Bxe4 dxe4 20. Nd2 Nh4 21. Ncxe4 Bf5 22. Qc5 Qxc5 23. Nxc5 Bxb1 24. Nxb1 Ra2 25. bxc6 bxc6 26. Nc3 Rc2 27. N3e4 f5 28. Nd6 Rd8 29. Ndb7 Ra8 30. g3 {Lazavik,D (2560)-Kramnik,V (2753) chess.com INT 2023 1-0 (71)}) 16. b5 Ng5 {White keeps some advantage and after} (16... Nh4 17. Bxe4 dxe4 18. Nxh4 Qxh4 19. f3 $1 exf3 20. Rxf3 Be6 21. bxc6 bxc6 22. e4 $14 {1-0 Khuzman,A-Kromhout,E/Yerevan olm 1996 (37)}) ({RR} 16... Bf5 17. bxc6 bxc6 18. Na4 Qf6 19. Qd1 Rab8 20. Rxb8 Rxb8 21. Nc5 Nxc5 22. Bxf5 Qxf5 23. dxc5 Rb4 24. Qd2 Rc4 25. Qa5 Qd7 26. Rb1 h6 27. Rb8+ Kh7 28. Ra8 Qe7 29. Rxa7 Rxc5 30. Rxe7 Rxa5 31. Rxf7 {Bernard,I (2223)-Pereira Garza,C (1982) Montesilvano ITA 2026 1-0 (58)}) 17. Nxg5 {N/ Similiar plan was used and in the game  Dautov-Vaganian, Frankfurt rapid 1997-} (17. Qe2 Qf6 18. Nxg5 Qxg5 19. bxc6 bxc6 20. f4 Qe7 21. Rbe1 Nf8 22. f5 Nd7 23. Qf2 Qa3 $1 24. Qc2 Ba6 25. Bxa6 Qxa6 26. e4 Qc4 $11) 17... Qxg5 18. bxc6 $146 ({RR} 18. f4 Qh4 19. f5 Rxe3 20. fxg6 Qxd4 21. Kh1 Qxd3 22. Qf2 f6 23. Nxd5 Rxh3+ 24. gxh3 Qxd5+ 25. Qg2 hxg6 26. bxc6 bxc6 27. Rfd1 Be6 28. Qxd5 Bxd5+ 29. Kh2 Bxa2 30. Rb7 Bd5 31. Re1 Kh7 32. Ree7 Rg8 {Fier,A (2542)-Cruz,C (2564) Chess.com INT 2020 0-1 (49)}) ({RR} 18. f4 Qh4 19. f5 Rxe3 20. fxg6 Qxd4 21. Kh1 Qxd3 22. Qf2 f6 23. Nxd5 Rxh3+ 24. gxh3 Qxd5+ 25. Qg2 hxg6 26. bxc6 bxc6 27. Rfd1 Be6 28. Qxd5 Bxd5+ 29. Kh2 Bxa2 30. Rb7 Bd5 31. Re1 Kh7 32. Ree7 Rg8 {Fier,A (2542)-Cruz,C (2564) Chess.com INT 2020 0-1 (49)}) 18... bxc6 19. f4 $1 Qf6 $6 ({Maybe stronger} 19... Qe7 {with the dream to bring later knight to the f6}) 20. f5 Nf8 21. Qf2 Rd8 22. Qg3 {[%cal Gb1b8,Gg2g4] The advantage of Sadler is obvious now. He controles the b-line, in a good moment White can push pawns on the king's side, and what is really important, black can't organize any counterplay.} h6 23. Kh2 Nh7 24. Na4 Qe7 25. Nc5 Nf6 26. Rfe1 {[%cal Ge3e4]} Qf8 27. Rec1 {White don't need to be in hurry.} Re8 28. Kg1 Qe7 29. Re1 Qd8 30. Re2 Re7 31. Reb2 Re8 32. Re2 Re7 33. Reb2 Re8 {Draw?} 34. Qf4 {No!} Qe7 35. Re1 {[%cal Ge3e4]} Nd7 36. Nxd7 Bxd7 37. Rb7 Red8 38. Reb1 ({Deserves attention} 38. e4 Qa3 (38... dxe4 39. Rxe4 Qf6 40. Bc4) 39. Bb1 {but Sadler don't want to change the pawn structure before time control.}) 38... a5 39. R1b6 a4 40. Bc2 ({Looks very strong} 40. Rxc6 $5 Qa3 41. Rd6 $1 Qxd3 42. Rdxd7 Rxd7 43. Rxd7 Qb1+ 44. Kh2 Qxa2 45. f6 {and it is very difficult ( if possible ) to find defence for black.}) 40... Qa3 41. Bb1 Rac8 (41... c5 $5) 42. f6 g5 43. Qg3 $2 {[%mdl 8192] White had rather easy way to victory-} (43. Qf2 c5 44. Kh2 $1 (44. Qc2 Qxe3+ 45. Kh1 Qe1+ 46. Kh2 Qe4) 44... cxd4 $140 45. Rxd7 $1 Rxd7 46. Qf5 $18) 43... c5 44. dxc5 $6 (44. Kh2 $5 cxd4 45. exd4) 44... Qxc5 45. h4 $4 {The situation on the board changed so quickly, that Sadler start panic in moment when he still hadn't any reasons for it - after} (45. Qe5 $1 Re8 46. Qd4 {chances are more or less equal.}) 45... Re8 $1 $19 46. Kh2 $2 (46. Kf2 $142 d4 47. e4 {but white position is bad any case.}) 46... Rxe3 47. Qd6 Rh3+ $1 (47... Rh3+ 48. gxh3 Qf2+ 49. Kh1 Rc1#) 0-1

[Event "Candidates Tournament"]
[Site "Berlin"]
[Date "2018.03.20"]
[Round "9"]
[White "Karjakin, Sergey"]
[Black "Kramnik, Vladimir"]
[Result "1-0"]
[WhiteElo "2763"]
[BlackElo "2800"]
[Annotator "Marin,Mihail"]
[PlyCount "81"]
[EventDate "2018.03.10"]
[EventType "tourn"]
[EventRounds "14"]
[EventCountry "GER"]
[EventCategory "22"]
[SourceTitle "CBM 184"]
[Source "ChessBase"]
[SourceDate "2018.05.16"]
[SourceVersion "1"]
[SourceVersionDate "2018.05.16"]
[SourceQuality "1"]

1. c4 e6 2. Nc3 d5 3. d4 Nf6 4. cxd5 Nxd5 5. e4 Nxc3 6. bxc3 c5 7. Rb1 Be7 8. Nf3 O-O 9. h4 $5 $146 {According to Karjakin, this move was suggested by one of his seconds, Riazantsev, during their training before the tournament. It was not intended specially for Kramnik and he would have used it against anybody if given the occasion. Confronted with the opening surprise, but not under immediate threat, Kramnik reacted logically by increasing the pressure in the centre.} cxd4 10. cxd4 Nc6 ({If} 10... b6 11. h5 h6 {The most consequent continuation would be} 12. Rh3 ({White does not seem to have the time to set up the battery along the b1-h7 diagonal:} 12. Bd3 Nc6 13. Be3 Bb7) 12... Bb7 13. Rg3 Kh8 14. Bd3 Nd7 ({Black has to deviate from the most active way of developing} 14... Nc6 {as after} 15. Qd2 {the threat xg7 with a decisive attack more or less forces the passive and unappealing} Rg8 $14) 15. e5 {with reasonable attacking chances, while the black knight has no good squares.}) ({RR} 10... Nd7 11. h5 h6 12. Bd3 b6 13. Rh3 Nf6 14. Qe2 a5 15. e5 Nd5 16. Qe4 f5 17. exf6 Nxf6 18. Qxa8 e5 19. Nxe5 Qxd4 20. Re3 Bb4+ 21. Kf1 Nd5 22. Re2 Bg4 23. Qxd5+ Qxd5 24. Bc4 Bxe2+ 25. Kxe2 {To,N (2320)-Luong Phuong Hanh (2282) chess.com INT 2026 1-0}) 11. h5 ({In a game played a few weeks later White deviated with} 11. Bc4 e5 $6 (11... b6 $5) 12. d5 Na5 13. Be2 Bd6 {Van Wely,L (2663)-Bindrich,F (2598) Germany 2018 (½-½, 34)} 14. Bg5 $5 f6 15. Bd2 $14) ({RR} 11. Bb5 a6 12. Bxc6 bxc6 13. h5 h6 14. Ne5 Bd6 15. O-O c5 16. Rb3 cxd4 17. Qxd4 Qc7 18. Bb2 Bxe5 19. Qxe5 Qxe5 20. Bxe5 Bd7 21. Rc1 f6 22. Bd6 Rfc8 23. Rbc3 Rxc3 24. Rxc3 Rc8 25. Rxc8+ Bxc8 {Yu,Y (2765)-Radjabov,T (2751) Batumi 2018 ½-½}) 11... f5 $6 {Karjakin did not expect this premature reaction in the centre, at a moment when Black is incompletely developed and with the threat h5-h6 in the air.} (11... h6 {looks safer. If} 12. Rh3 {Black could already consider the game plan as in the meanwhile he had stabilised the kingside at least:} f5 (12... e5 $6 {allows a promising exchange sacrifice:} 13. d5 Bxh3 14. dxc6 {followed by cxb7 soon.}) 13. exf5 Qa5+ 14. Bd2 Qxf5 15. Rb5 e5 {with excelent counterplay.}) 12. exf5 $146 {The most principled answer.} (12. e5 b6 {would offer Black chances to stabilise the centre.}) ({RR} 12. Bd3 Nb4 13. h6 Nxd3+ 14. Qxd3 g6 15. O-O b6 16. Ne5 Bf6 17. Qg3 Bh4 18. Qh3 Bb7 19. Qb3 Re8 20. exf5 gxf5 21. Qh3 Rc8 22. Rb3 Rc7 23. Bf4 Bf6 24. Qg3+ Kh8 25. Ng6+ hxg6 26. Bxc7 Qxd4 {Bai,A (2415)-Potawad,A (2301) Abu Dhabi UAE 2025 1-0}) ({RR} 12. Bd3 Nb4 13. h6 Nxd3+ 14. Qxd3 g6 15. O-O b6 16. Ne5 Bf6 17. Qg3 Bh4 18. Qh3 Bb7 19. Qb3 Re8 20. exf5 gxf5 21. Qh3 Rc8 22. Rb3 Rc7 23. Bf4 Bf6 24. Qg3+ Kh8 25. Ng6+ hxg6 26. Bxc7 Qxd4 {Bai,A (2415)-Potawad,A (2301) Abu Dhabi 2025 1-0}) 12... Qa5+ 13. Bd2 Qxf5 14. Bc3 h6 {It is clear now that Black's plan was premature. If he has to play this move anyway, it would have been better to start with it, of course.} ({Against} 14... Qg4 {Karjakin was planning} 15. Be2 $1 $16 {[%cal Ge1f1] The only move offering an advantage. WHite plans f1 and if} Qxg2 $2 16. Rg1 Qh3 17. d5 $18) (14... b6 {does not improve Black's development too much:} 15. Bd3 Qf4 16. Qe2 $16 {and the weakness on e6 causes Black problems.}) (14... Qe4+ 15. Be2 e5 $5 (15... b6 16. O-O Bb7 17. Re1 $16) 16. O-O exd4 17. Nxd4 Nxd4 18. Qxd4 Qxd4 19. Bxd4 $16 {The position has simplified but White's advance in development and kingside space advantage offer White the clearly better play.}) (14... e5 {may still have been best, even though after} 15. Bc4+ (15. dxe5 Qe4+ 16. Be2 Be6 {offers Black rapid development and good compensation.}) 15... Kh8 16. h6 $14 {Black experiences problems along the long diagonal.}) 15. Bd3 Qg4 16. Kf1 e5 {Not the best moment for this pawn break, but Black's position was difficult already.} (16... b6 17. Qe2 Bd7 18. Rh3 $16) 17. d5 $1 {The best move, refuting Black's whole opening play. But things are turning exciting now.} (17. dxe5 Be6 {once again offers Black reasonable play for the pawn.}) 17... e4 (17... Nd4 $2 {loses to} 18. Nxe5 Qf4 (18... Qxd1+ 19. Rxd1 {leaves Black passive, with a pawn less and a hanging knight.}) 19. Bxd4 $18 {Winning a piece and defending f2.} Qxd4 $6 20. Bh7+ $1) 18. dxc6 exf3 19. gxf3 Rxf3 $6 {Objectively insufficient but for practical reasons the best chance.} ({If} 19... Qxf3 20. Qxf3 Rxf3 21. Ke2 Rxd3 22. Kxd3 Bf5+ 23. Ke2 bxc6 (23... Bxb1 $2 24. cxb7 $18) 24. Rb7 Re8 25. Kd1 {Black's weak seventh rank prevents him from proving compensation for the exchange.}) 20. Be2 {After a basically aggressive plan, Karjakin starts playing defensively after having won material.} ({But objectively} 20. cxb7 {could have ended the game quicker, needing just a bit of accurate calculating:} Bxb7 21. Qb3+ Kh8 22. Qxb7 Raf8 23. Qxe7 Rxf2+ 24. Ke1 {[%cal Ge7g7] Due to the threat xg7+ returning one of the bishops for repelling the attack, Black is left without resources.}) 20... Rxf2+ {The only way of keeping the game on. Black's problem is that he has invested a lot of material already and his development is incomplete yet. Besides, he has to waste a tempo on ...bxc6. True, White's king is exposed, but with a rook up he should manage to protect His Majesty.} ({After} 20... Rh3 $5 {Karjakin indicated} 21. Rg1 {, the most convincing, but not only winning move.}) 21. Kxf2 Bc5+ 22. Kf1 Qf4+ 23. Bf3 bxc6 24. Be1 $3 {Paradoxically, this seemingly passive move, releasing the pressure on g7, is the only winning continuation. The main idea is to cover the g-file with g3.} (24. Rb3 Ba6+ 25. Kg2 Qg5+ 26. Bg4 Rd8 27. Qf3 Bc4 $11 {with a probable draw by perpetual.}) 24... Be6 {Karjakin called Kramnik's play in time trouble "creative".} ({The idea behind White's last move is obvious after} 24... Ba6+ 25. Kg2 Qg5+ 26. Bg3 $18) 25. Bh4 $5 {[%csl Gd8]} ({Defending d8, as Karjakin was not entirely sure about the line} 25. Kg2 Qg5+ 26. Bg3 Rd8 27. Qxd8+ Qxd8 28. Rb8 Bc8 29. Bg4 Qg5 30. Rxc8+ Kh7 {Actually} 31. Be6 {yields White a winning attack with extra material.}) 25... Rf8 26. Kg2 Kh8 $5 {Another original move, preparing ...d5. But with a rook down the slow mode is not likely to work.} 27. Rc1 (27. Bg3 {was also strong.} Qg5 {[%cal Gf8f3,Ge6d5]} 28. Re1 $3 ({Karjakin suggested} 28. Qc1 {but Black saves the day with} Bd5 29. Rf1 Rxf3 30. Rxf3 Bxf3+ 31. Kxf3 Qxh5+ {with a perpetual.}) 28... Bd5 29. Re5 $1 Bxf3+ 30. Qxf3 Qd2+ 31. Qe2 $18) 27... Rf5 28. Rc3 ({Only not} 28. Bg3 $2 Rg5 $19) 28... Rd5 $5 {Sacrificing even more material.} ({Karjakin expected} 28... Bd4 29. Rxc6 (29. Rd3 {is simpler from a practical point of view although somewhat passive.}) 29... Rg5+ 30. Bxg5 Qxg5+ 31. Kf1 Bh3+ 32. Ke1 Qg3+ 33. Kd2 Qf4+ 34. Kc2 Bf5+ 35. Kb3 Qe3+ 36. Ka4 {and after the king has escaped White can convert his huge material advantage at his leisure.}) 29. Bxd5 Bxd5+ 30. Rf3 Qg4+ 31. Bg3 Bd6 32. Rh3 $1 {Another only move but an obvious one. White needs to defend g3.} Be7 ({This can be explained by the fact that a neutral move such as} 32... a5 {could be answered with} 33. Kh2 $1 {[%cal Gg3d6] leaving the d6-bishop hanging.}) 33. Qe2 Be4 34. Qf2 a5 35. a4 $5 ({In principle White's plan is based on recycling his rook via h1, but Karjakin did not want to check the result of the pawn race after} 35. Rh1 Bc5 36. Rh4 Qxh4 37. Bxh4 Bxf2 38. Kxf2 Bxf3 39. Kxf3 g6 {(+-) His game move simply gains a tempo for this case.}) 35... c5 36. Rh1 {The rest is simple.} Bf6 37. Re1 Bc6 38. Ree3 c4 39. Qe2 Qxh5 40. Qxc4 Bd7 41. Rd3 1-0